| 000 | 00605nam a2200229Ia 4500 | ||
|---|---|---|---|
| 001 | 1100 | ||
| 003 | GE_BSU | ||
| 008 | 181216s||||||||xx |||||||||||||| ||und|| | ||
| 040 | _cGE_BSU | ||
| 080 | _a538.9 | ||
| 100 | _aУэрт,Ч;Томсон,Р; | ||
| 245 | _aФизика твердого тела | ||
| 245 | _cПер.с англ.А.С.Пахомова и Б.Д.Сумма. Под.ред Тябликова,С.В. | ||
| 250 | _aЗд.2-ое. | ||
| 260 | _aМосква | ||
| 260 | _bМир | ||
| 260 | _c1969 | ||
| 300 | _a558 с. | ||
| 541 | _h15 л. | ||
| 653 | _aФизика | ||
| 942 | _cBK | ||
| 999 |
_c35252 _d35252 |
||